ULTIMATE Voltron (Legendary Defender) Trivia - Statistics

General Stats
  • This quiz has been taken 160 times
  • The average score is 26 of 40
Answer Stats
Hint Answer % Correct
Has a connection with 3 Lions Keith
93%
Has an energy whip as a bayard weapon Allura
89%
Is Samoan Hunk
89%
Described as "a bit of a hoarder" Pidge
88%
Fugitive Prisoner 117-9875 Shiro
87%
How many seasons are there? 8
86%
Favourite food is garlic knots Lance
86%
How many Lions make up Voltron? 5
84%
At least 600 years old Coran
84%
Amount of years Allura and Coran were asleep for 10,000
83%
Ex-fiance of Shiro Adam
83%
Brother of Pidge; was captured by the Galra Matt
83%
Amount of years Keith and ^ were in the Quantum Abyss 2
80%
Killed by their own son Zarkon
80%
Built the lions King Alfor
77%
Military organisation/school The Galaxy Garrison
77%
Generals are all half-Galran Lotor
74%
Older sister of Lance Veronica
73%
Original owner of Kova (the alien cat) Haggar
70%
Space wolf Kosmo
70%
Keith's mother Krolia
70%
Father of Pidge; was captured by the Galra Sam
68%
Name of the castle The Castle of Lions
67%
Creature that creates crystals which are used as power sources for ships Balmera
63%
MFE-Ares Fighteer pilot #2 James Griffin
63%
Name of the cow Kaltenecker
62%
Husband of Shiro Curtis
56%
"Space crazy" alien engineer Slav
54%
Planet that served as a resting place for ^ in Season 1 Episode 1 Arus
48%
Ship created by the Galaxy Garrison IGF-Atlas
47%
Shiro was tranferred to ___'s ship after being captured by the Galra Sendak
47%
MFE-Ares Fighteer pilot #1 Ryan Kinkade
45%
An officer of ^ Iverson
43%
Home planet of the Galra Daibazaal
38%
Where to get scaultrite lenses from; gigantic space worm Weblum
38%
MFE-Fighter jet pilot Nadia Rizavi
35%
Name of Holt family's dog Bae Bae
33%
Sacrifices themself for Voltron from a robeast attack Ulaz
32%
What the Lions were made from Trans-Reality Comet
15%
Planet that Lance and Hunk crashed on in Season 2 Episode 2 Frozen Planet
12%
No matching quizzes found
Score Distribution
Percent of People with Each Score
Percentile by Number Answered
Your Score History
You have not taken this quiz